Are You A Real BTS Fan?(KPOP Quiz) - Statistics

General Stats
  • This quiz has been taken 247 times
  • The average score is 9 of 15
Answer Stats
Question Answer % Correct
What song did BTS debut with? No more dream
92%
What insterment does Taehyung play? Saxophone
87%
Which BTS member enlisted first? Jin
85%
What is Yoongi's rapper name? Agustd
79%
When did BTS debut?? June 13, 2013
78%
What's BTS most viewed music video? Dynamite
75%
What song was BTS first win? I Need U
72%
What is Namjoon's Instagram @? Rkive
69%
What title does Jimin hold in South Korea? It boy
56%
When did Jin enlist? December 2022
55%
Where was the old BigHit building located? Seoul
53%
How old was Hoseok when BTS debuted? 19
48%
What iconic thing did BTS do in a 2019-20 music award show? Daesang sweep
48%
What does Jungkook do in the Military? Cook
37%
Which song blocked Taylor Swift from getting a #1 on music charts? Super tuna
17%
No matching quizzes found
Score Distribution
Percent of People with Each Score
Percentile by Number Answered
Your Score History
You have not taken this quiz